000 00302nam a22001217a 4500
082 _a621.381 OWE'F
100 _aKEATON, P. W,OWEN, G. E
_979331
245 _aFUNDAMENTALS OF ELECTRONIC
250 _aVOL-1
260 _aNEWYORK
_bHARPER
_c1966
650 _aELECTRONIC ENGINEERING
_979332
942 _cBK
999 _c584377
_d584377